Definitívne údaje o úrode poľnohospodárskych plodín a zeleniny v SR za rok 2017

Guardado en:
Detalles Bibliográficos
Formato: Libro
Lenguaje:eslovaco
Publicado: Bratislava Štatistický úrad Slovenskej republiky 2018
Materias:
Etiquetas: Agregar Etiqueta
Sin Etiquetas, Sea el primero en etiquetar este registro!

MARC

LEADER 00000nlm a2200000 4500
001 0242634
005 20240422091458.3
020 |a 978-80-8121-646-6 
041 0 |a slo 
044 |a SK 
245 1 0 |a Definitívne údaje o úrode poľnohospodárskych plodín a zeleniny v SR za rok 2017 
264 1 |a Bratislava  |b Štatistický úrad Slovenskej republiky  |c 2018 
300 |a 24 s. 
500 |a Zdroj dokumentu: Štatistický úrad SR 
610 2 0 |a plodiny poľnohospodárske 
610 2 0 |a zelenina 
610 2 0 |a úroda 
610 2 0 |a Slovensko